Catálogo
 En Linea

Territorios violados : (Registro nro. 24442)

Detalles MARC
000 -CABECERA
campo de control de longitud fija 00937nam a2200241 a 4500
001 - NÚMERO DE CONTROL
campo de control 000024949
005 - FECHA Y HORA DE LA ÚLTIMA TRANSACCIÓN
campo de control 20200930023452.0
008 - DATOS DE LONGITUD FIJA--INFORMACIÓN GENERAL
campo de control de longitud fija 110208s1995 mx b r 000 0 spa d
020 ## - NÚMERO INTERNACIONAL ESTÁNDAR DEL LIBRO
Número Internacional Estándar del Libro 9682974429
040 ## - FUENTE DE LA CATALOGACIÓN
Centro catalogador/agencia de origen DO-SdBNP
Lengua de catalogación spa
Centro/agencia transcriptor BNPHU
082 ## - NÚMERO DE LA CLASIFICACIÓN DECIMAL DEWEY
Número de clasificación xxxxx
Número de documento/Ítem N687t
049 ## - FONDOS LOCALES (OCLC)
Fondos de biblioteca BNGR
100 1# - ENTRADA PRINCIPAL--NOMBRE DE PERSONA
Nombre de persona Nigh, Ronald
9 (RLIN) 51204
245 10 - MENCIÓN DE TÍTULO
Título Territorios violados :
Resto del título indios, medio ambiente y desarrollo en América Latina /
Mención de responsabilidad, etc. Ronald Nigh , Nemesio J. Rodríguez.
260 ## - PUBLICACIÓN, DISTRIBUCIÓN, ETC.
Lugar de publicación, distribución, etc. México, D. F. :
Nombre del editor, distribuidor, etc. Dirección general de Publicaciones del Consejo Nacional para la Cultura y las Artes,
Fecha de publicación, distribución, etc. 1995.
300 ## - DESCRIPCIÓN FÍSICA
Extensión 228 p. :
Otras características físicas mapas. ;
Dimensiones 21 cm.
490 1# - MENCIÓN DE SERIE
Mención de serie Presencias ;
Designación de volumen o secuencia 68
500 ## - NOTA GENERAL
Nota general Incluye referencias bibliográficas p. [207-228].
504 ## - NOTA DE BIBLIOGRAFÍA, ETC.
Nota de bibliografía, etc. Incluye referencias bibliográficas y notas al pie de las páginas.
700 1# - PUNTO DE ACCESO ADICIONAL--NOMBRE DE PERSONA
Nombre de persona Rodríguez, Nemesio J.
9 (RLIN) 51205
710 1# - PUNTO DE ACCESO ADICIONAL--NOMBRE DE ENTIDAD CORPORATIVA
Nombre de entidad corporativa o nombre de jurisdicción como elemento de entrada Instituto Nacional Indigenista
9 (RLIN) 51206
830 #0 - PUNTO DE ACCESO ADICIONAL DE SERIE-TÍTULO UNIFORME
Título uniforme Presencias ;
Número de parte o sección de la obra 68
9 (RLIN) 51207
Existencias
Estado de retiro Estado de pérdida Restricciones de uso No para préstamo Código de colección Localización permanente Ubicación/localización actual Ubicación en estantería Fecha de adquisición Número de inventario Total de préstamos Signatura topográfica completa Código de barras Fecha visto por última vez Precio válido a partir de Tipo de ítem Koha
        Monografías: Libros y Folletos General General En catalogación 08.02.2011 LF1   xxxxx N687t 24949-10 25.06.2020 25.06.2020 Préstamo en sala

Con tecnología Koha